000 00280nam a22001217a 4500
008 180910b xxu||||| |||| 00| 0 eng d
041 _aeng
080 _28 ed
_a574
100 _a9
101 _aMJE
245 _aThe nature And Properties Soils
_cBrady.n.c
942 _2udc
_cBK
999 _c47618
_d47618